| 000 | 00520nam a2200181 i 4500 | ||
|---|---|---|---|
| 001 | 36519 | ||
| 003 | ES-MaACL | ||
| 005 | 20251005063036.0 | ||
| 007 | t| | ||
| 008 | 030218q19001999fr ||||1| fre d | ||
| 100 | 1 |
_aBrantôme, Pierre de Bourdeille, _cseigneur de _931369 |
|
| 245 | 1 | 0 |
_aDames galantes / _cBrantome. |
| 260 |
_a[S.l. : _bs.n., _c19--?] ( _eParís : _fDondey Dupre) |
||
| 300 |
_a390 p. ; _c17 cm. |
||
| 500 | _aEjemplar sin portada. | ||
| 852 |
_aES-MaACL _jD-1066 |
||
| 999 |
_c36519 _d36519 |
||